Loading...
| Religion | 0 | 8 | 0 | 1 | 80 | 55 | 85.63 | 4 | 8 | 0.00 | 0.00 |
| Social Science | 0 | 7 | 0 | 1 | 70 | 44 | 81.86 | 5 | 7 | 0.00 | 0.00 |
| Other | 0 | 6 | 0 | 2 | 60 | 66 | 99.50 | 3 | 6 | 0.00 | 0.00 |
| History - World | 0 | 5 | 0 | 1 | 50 | 69 | 87.60 | 4 | 5 | 0.00 | 0.00 |
| History - American | 0 | 5 | 0 | 0 | 50 | 42 | 92.20 | 3 | 5 | 0.00 | 0.00 |
| Science - Other | 0 | 4 | 0 | 0 | 40 | 59 | 82.75 | 2 | 4 | 0.00 | 0.00 |
| Philosophy | 0 | 4 | 0 | 0 | 40 | 110 | 122.00 | 0 | 4 | 0.00 | 0.00 |
| History - Other | 0 | 4 | 0 | 1 | 40 | 54 | 111.25 | 2 | 4 | 0.00 | 0.00 |
| History - European | 0 | 4 | 0 | 1 | 40 | 78 | 119.00 | 1 | 4 | 0.00 | 0.00 |
| Fine Arts - Other | 0 | 2 | 0 | 0 | 20 | 84 | 99.50 | 1 | 2 | 0.00 | 0.00 |
| Fine Arts - Painting & Sculpture | 0 | 2 | 0 | 0 | 20 | 116 | 124.50 | 0 | 2 | 0.00 | 0.00 |
| Literature - European | 0 | 2 | 0 | 0 | 20 | 127 | 130.50 | 0 | 2 | 0.00 | 0.00 |
| Mythology | 0 | 2 | 0 | 0 | 20 | 59 | 87.00 | 2 | 2 | 0.00 | 0.00 |
| Science - Physics | 0 | 2 | 0 | 0 | 20 | 101 | 113.50 | 1 | 2 | 0.00 | 0.00 |
| Science - Biology | 0 | 2 | 1 | 0 | 15 | 68 | 79.00 | 2 | 2 | 0.00 | 0.00 |
| Literature - American | 0 | 1 | 0 | 0 | 10 | 143 | 143.00 | 0 | 1 | 0.00 | 0.00 |
| Literature - World | 0 | 1 | 2 | 1 | 0 | 147 | 147.00 | 0 | 1 | 0.00 | 0.00 |